00382 2200157 4500001002100000005001500021035002000036245004100056100001500097300001200112260004400124082000800168084001400176020002200190990001200212INLIS00000000000177520250506083511 a0010-05250000671 aBerandal Bandung /cI.A.A.Djiiwaraga0 aDjiiwaraga a360 hlm aJakarta :bPT. Sinar Angsa Media,c2024 a813 a813 DJI b a978-623-10-4913-1 a0754592